The microchip : appropriate or inappropriate technology? /
Saved in:
| Main Author: | |
|---|---|
| Format: | Book |
| Language: | Czech |
| Published: |
Chichester :
Ellis Horwood,
1981
|
| Series: | rz1
|
| Online Access: |
|
| Tags: |
Add Tag
No Tags, Be the first to tag this record!
|
MARC
| LEADER | 00000cam a2200000 4500 | ||
|---|---|---|---|
| 003 | SK-BrCVT | ||
| 005 | 20220618094048.0 | ||
| 008 | 091125s1981 cs e ||||||cze d | ||
| 035 | |a CVTIDWR047032 | ||
| 040 | |a |b slo |c |d | ||
| 041 | 0 | |a cze | |
| 044 | |a cs | ||
| 100 | |a Burns, Alan |4 aut | ||
| 245 | 1 | 4 | |a The microchip : |b appropriate or inappropriate technology? / |c Alan Burns |
| 260 | 3 | |a Chichester : |b Ellis Horwood, |c 1981 | |
| 300 | |a 180 s. | ||
| 830 | |a rz1 | ||
| 974 | |f Knihy | ||
| 999 | |c 225468 |d 225468 | ||